Los sujetos procesales, la Casación N° 245-2023-Líma y una evolución significativa en la aplicación del litisconsorcio necesario (Registro nro. 22582)

000 -Cabecera
Campo de control interno 02753nam a2200289 4500
001 - Número de control
control field ESSALUD
005 - Fecha y hora de la última transacción
Campo de control 20260701102912.0
007 - Tipo material - Descripcion fisica - info general
Tipo material - Descripcion fisica - info general ta
008 - Elementos de Longitud Fija - Información General
Elementos de Longitud Fija - Información t pe ||||| |||| 00| 0 spa d
040 ## - Origen de la Catalogación
Origen de la Catalogación BMG
041 ## - Idioma
Idioma spa
100 ## - Autor
Autor Castañeda Cruzado, Manuel Stefan
Rol del Autor Autor
9 (RLIN) 48375
245 ## - Titulo
Titulo Los sujetos procesales, la Casación N° 245-2023-Líma y una evolución significativa en la aplicación del litisconsorcio necesario
246 ## - Variante del Titulo
Titulo Procedural law subjects, Cassation N° 245-2023-Lima, and a significant evolution in the application of permissive joinder
300 ## - Páginas
Paginación páginas 198-213
520 ## - Resumen
Resumen El proceso civil se constituye como un mecanismo fundamental para la resolución de conflictos dentro del Estado de derecho, cuyo desarrollo válido y eficaz depende de la participación coordinada de diversos actores. Estos, denominados sujetos procesales, no se limitan a las partes en conflicto (demandante y demandado), sino que engloban a todos los intervinientes con capacidad para realizar actos jurídicos dentro del proceso, incluyendo al órgano jurisdiccional, sus auxiliares y terceros. Por lo tanto, los autores refieren que ofrecer una visión integral de los sujetos procesales, analizando desde sus definiciones doctrinales básicas hasta instituciones específicas, es importante para sentar las bases conceptuales necesarias para entender su operatividad y relevancia en la práctica jurídica.
520 ## - Resumen
Resumen The civil process constitutes a fundamental mechanism for the resolution of disputes within the Rule of Law, whose valid and effective development depends on the coordinated participation of various actors. These actors, known as procedural subjects, are not limited to the parties in conflict (plaintiff and defendant, but encompass all participants with the legal capacity to perform procedural acts, Including the judicial authority, its auxiliary personnel, and third parties. Therefore, the authors suggest that providing a comprehensive overview of procedural subjects, from their basic doctrinal definitions to the examination of specific procedural Institutions, is essential for establishing the conceptual foundations necessary to understand their operability and significance in legal practice.
650 ## - Temas - Descriptores
Temas - Descriptores SUJETOS PROCESALES
9 (RLIN) 52978
650 ## - Temas - Descriptores
Temas - Descriptores REPRESENTACION PROCESAL
9 (RLIN) 52979
650 ## - Temas - Descriptores
Temas - Descriptores LITISCONSORCIO
9 (RLIN) 52980
650 ## - Temas - Descriptores
Temas - Descriptores PROCEDURAL SUBJECTS
9 (RLIN) 52981
650 ## - Temas - Descriptores
Temas - Descriptores PROCEDURAL REPRESENTATION
9 (RLIN) 52982
650 ## - Temas - Descriptores
Temas - Descriptores JOINDER OF PARTIES
9 (RLIN) 52983
700 ## - Autor Personal
Autor Personal Flores Guzmán, Andrea Valeria
Rol del autor Autor
9 (RLIN) 52984
773 0# - Revista (Relacion con el numero)
Host Biblionumber 22573
Host Itemnumber 22620
Ciudad, Editorial Lima Grupo Praxis Formación Profesional, 2026-
Codigo barras item/ejemplar PRA001
Titulo de la Revista Praxis Civil & Procesal Civil
Número de control de registro ESSALUD
ISSN 3119-7671
942 ## - Elementos de Koha
Tipo de Documento Artículos
Fecha procesamiento 2026-06-30
Catalogador sqb

No hay ítems disponibles.